| 000 | 00731cam a22002415a 4500 | ||
|---|---|---|---|
| 001 | 17949497 | ||
| 003 | ARRUPE | ||
| 005 | 20150305020006.0 | ||
| 008 | 131121s2013 za 000 0 eng | ||
| 010 | _a 2013439170 | ||
| 020 | _a9789982997270 | ||
| 020 | _a9982997270 | ||
| 040 |
_aDLC _cDLC |
||
| 042 | _apcc | ||
| 050 | _aDT3058.T65.T665 2013 | ||
| 245 | 0 | 0 |
_aTonga Timeline _bAppraising Sixty Years of Multidisciplinary Research in Zambia and Zimbabwe. |
| 260 |
_aLusaka, _bLembani Trust _c2013. |
||
| 300 |
_ap. _ccm. |
||
| 650 |
_aTonga (African people) _xSocial life and customs _96534 |
||
| 906 |
_a0 _bibc _corigres _d3 _encip _f20 _gy-gencatlg |
||
| 942 |
_2lcc _cMONOGRAPH _06 |
||
| 999 |
_c119525 _d119525 |
||